Statystyki dla Nazwy Państw Zapisane w ich Języku Urzędowym #2

Kliknij tutaj aby rozwiązać quiz!

Ogólne statystyki

  • Ten quiz został rozwiązany 201 razy
  • Średni wynik to 23 z 30

Statystyki odpowiedzi

Nazwa państwaNazwa państwa po polsku% Poprawnych
PilipinasFilipiny
99%
NorgeNorwegia
99%
SlovenijaSłowenia
99%
DanmarkDania
98%
BelgiëBelgia
97%
ÍslandIslandia
97%
MadagasikaraMadagaskar
97%
DeutschlandNiemcy
97%
TürkiyeTurcja
97%
República DominicanaDominikana
96%
JamaicaJamajka
96%
MoldovaMołdawia
94%
VenezuelaWenezuela
94%
CamerounKamerun
93%
El SalvadorSalwador
93%
Città del VaticanoWatykan
88%
Guinea EcuatorialGwinea Równikowa
85%
UburundiBurundi
83%
ҚазақстанKazachstan
80%
УкраїнаUkraina
78%
اليمن (Al-Yaman)Jemen
73%
سورية (Suriyah)Syria
63%
ЎзбекистонUzbekistan
51%
Црна ГораCzarnogóra
47%
Cabo VerdeRepublika Zielonego Przylądka
43%
BelauPalau
31%
ShqipëriaAlbania
28%
ΚύπροςCypr
21%
مصر (Misr)Egipt
21%
ປະເທດລາວLaos
19%

Rozkład punktacji

Percentyl według liczby udzielonych odpowiedzi

Procent ludzi z każdym wynikiem

Twoja historia wyników

Nie rozwiązałeś tego quizu